Quiz sur les pays du monde - Statistiques

Statistiques générales
  • Ce quiz a été pris 203 fois
  • Le résultat moyen est 42 sur 45
Statistiques - réponses
Question Tuile Select % Correct
Quel pays a le plus d'habitants ? Australie Non
99%
Quel pays a le plus d'habitants ? Espagne Non
98%
Quel pays a le plus d'habitants ? France Non
98%
Quel pays a le plus d'habitants ? Royaume-Uni Non
98%
Quel pays a la plus grande superficie ? Argentine Non
97%
Quel pays a le plus d'habitants ? Canada Non
97%
Quel pays est le plus riche en argent ? Espagne Non
97%
Quel pays a la plus grande superficie ? France Non
97%
Quel pays a la plus petite superficie ? France Non
97%
Quel pays est le plus riche en argent ? Inde Non
97%
Quel pays a la plus grande superficie ? Japon Non
97%
Quel pays a la plus petite superficie ? Mexique Non
97%
Quel pays a la plus grande superficie ? Mongolie Non
97%
Quel pays a la plus petite superficie ? Royaume-Uni Non
97%
Quel pays a la plus grande superficie ? Brésil Non
96%
Quel pays a la plus grande force militaire ? Brésil Non
96%
Quel pays a la plus grande force militaire ? Espagne Non
96%
Quel pays est le plus riche en argent ? Allemagne Non
95%
Quel pays a la plus grande force militaire ? Allemagne Non
95%
Quel pays a la plus grande superficie ? Australie Non
95%
Quel pays a la plus petite superficie ? Chypre Non
95%
Quel pays a la plus grande superficie ? États-Unis Non
95%
Quel pays a la plus grande force militaire ? Iran Non
95%
Quel pays a le plus d'habitants ? Japon Non
95%
Quel pays est le plus riche en argent ? Japon Non
95%
Quel pays a la plus petite superficie ? Malte Non
95%
Quel pays a la plus petite superficie ? Nauru Non
95%
Quel pays est le plus riche en argent ? Royaume-Uni Non
95%
Quel pays a le plus d'habitants ? Russie Non
95%
Quel pays a la plus grande force militaire ? Japon Non
94%
Quel pays a la plus grande force militaire ? France Non
93%
Quel pays a la plus petite superficie ? Liechtenstein Non
92%
Quel pays est le plus riche en argent ? Russie Non
92%
Quel pays a la plus grande superficie ? Russie Oui
92%
Quel pays a la plus grande superficie ? Canada Non
91%
Quel pays a le plus d'habitants ? États-Unis Non
91%
Quel pays est le plus riche en argent ? Chine Non
89%
Quel pays a le plus d'habitants ? Chine Oui
87%
Quel pays est le plus riche en argent ? Luxembourg Non
85%
Quel pays a la plus petite superficie ? Monaco Non
84%
Quel pays a la plus grande force militaire ? Chine Non
83%
Quel pays a la plus grande force militaire ? Russie Non
83%
Quel pays a la plus petite superficie ? Vatican Oui
79%
Quel pays est le plus riche en argent ? États-Unis Oui
74%
Quel pays a la plus grande force militaire ? États-Unis Oui
72%
Aucun quiz correspondant
Distribution des résultats
% des personnes avec chaque résultat
Percentile par nombre de réponses
Votre historique - résultats
Vous n’avez pas pris ce quiz